Glial Cells - Statistics

General Stats
  • This quiz has been taken 3 times
  • The average score is 4 of 8
Answer Stats
Hint Answer % Correct
Star-shaped cells that maintain a neuron’s working environment. They do this by controlling the levels of neurotransmitter around synapses, controlling the concentrations of important ions like potassium, and providing metabolic support. Astrocytes
100%
Line the spinal cord and ventricles of the brain. They are involved in creating cerebrospinal fluid (CSF). Ependymal
67%
The Brain's immune cells protecting it from damage or disease Microglia
67%
Provides support to axons of neurons in the central nervous system, particularly those that travel long distances within the brain. They produce a fatty substance called myelin, which is wrapped around axons as a layer of insulation. Oligodendrocytes
67%
Surrounds neurons in the sensory, sympathetic and parasympathetic ganglia and help regulate the chemical environment. Satellite
67%
Myelinate neurons in the peripheral nervous system. Schwan
67%
Are found in the nerves in the digestive system. Enteric
0%
Progenitor cells that can generate neurons, astrocytes and oligodendrocytes. Radial
0%
No matching quizzes found
Score Distribution
Percent of People with Each Score
Percentile by Number Answered
Your Score History
You have not taken this quiz